天津市小测验-Tianjin Municipality Quiz - Statistics

General Stats
  • This quiz has been taken 36 times
    24 since last reset
  • The average score is 13 of 19
Answer Stats
提示 答案 % Correct
这条河流穿城而过并在天津入海 海河
100%
相邻的省级行政区 河北省
95%
相邻的省级行政区 北京市
95%
天津的“985”院校 南开大学
95%
天津的“985”院校 天津大学
95%
主要机场 天津{滨海}国际机场
95%
天津方言属于这个方言大类 官话
90%
这座建在桥上的摩天轮是天津的地标之一 天津之眼
85%
这三种小吃被称为“天津三绝” 狗不理包子
85%
这三种小吃被称为“天津三绝” 十八街麻花
75%
这位现代作家出生于天津, 他的代表作是《俗世奇人》 冯骥才
70%
这三种小吃被称为“天津三绝” 耳朵眼炸糕
55%
这位著名核物理学家出生于天津宁河 于敏
50%
这位国家总理出生于天津 温家宝
50%
中国海盐产量最大的盐场,由汉沽、塘沽等盐田组成 {长芦}盐场
40%
华北地区第一个主要用于农化作业的机场 天津{塘沽}机场
35%
天津最早与这个日本城市结为友好城市 神户
35%
天津市花 月季
20%
这位近代艺术家出生于天津, 他是中国话剧的开拓者之一 李叔同
10%
No matching quizzes found
Score Distribution
Percent of People with Each Score
Percentile by Number Answered
Your Score History
You have not taken this quiz since the last reset